[Event "19. Obert Int. Sant Marti 2017 - B"]
[Site "Barcelona ESP"]
[Date "2017.07.18"]
[Round "6.1"]
[White "Samrat, Ghorai"]
[Black "Mota, Pankit"]
[Result "1-0"]
[WhiteElo "1938"]
[BlackElo "1859"]
[PlyCount "83"]
[EventDate "2017.07.13"]
[EventType "swiss"]
[EventRounds "9"]
[EventCountry "ESP"]
[SourceTitle "Ajedrez en Madrid"]
[Source "lmi"]
[SourceDate "2017.07.13"]
[SourceVersion "1"]
[SourceVersionDate "2019.06.21"]
[SourceQuality "1"]

1. e4 e6 2. d4 d5 3. Nc3 Bb4 4. Nge2 dxe4 5. a3 Be7 6. Nxe4 Nf6 7. Nxf6+ Bxf6
8. Be3 b6 9. Qd2 Bb7 10. O-O-O Nc6 11. Ng3 Ne7 12. Nh5 a6 13. Bg5 Bxg5 14. Qxg5
Nf5 15. Nxg7+ Kf8 16. Qxd8+ Rxd8 17. Nxf5 exf5 18. f3 Rg8 19. Rd2 Rd6 20. c3
Rdg6 21. Kd1 h5 22. h4 b5 23. Ke1 Bd5 24. Kf2 c6 25. Rg1 a5 26. Bd3 Rg3 27.
Rdd1 Be6 28. Rde1 f4 29. Re5 Bd5 30. Be4 f6 31. Rf5 Bxe4 32. fxe4 Rd3 33. Rxf6+
Ke7 34. Rxc6 Rd2+ 35. Kf3 Rxb2 36. Kxf4 Rg4+ 37. Ke5 Re2 38. Re6+ Kd7 39. Kd5
Rc2 40. Rb1 Rxc3 41. Rxb5 Rc7 42. Rh6 1-0

[Event "19. Obert Int. Sant Marti 2017 - B"]
[Site "Barcelona ESP"]
[Date "2017.07.18"]
[Round "6.2"]
[White "Del Valle, Clemence"]
[Black "Sarrate Presas, Jordi"]
[Result "1/2-1/2"]
[WhiteElo "1759"]
[BlackElo "1770"]
[PlyCount "60"]
[EventDate "2017.07.13"]
[EventType "swiss"]
[EventRounds "9"]
[EventCountry "ESP"]
[SourceTitle "Ajedrez en Madrid"]
[Source "lmi"]
[SourceDate "2017.07.13"]
[SourceVersion "1"]
[SourceVersionDate "2019.06.21"]
[SourceQuality "1"]

1. e4 d5 2. exd5 Qxd5 3. Nc3 Qd6 4. d4 Nf6 5. Nf3 a6 6. Bd3 Bg4 7. h3 Bh5 8.
Ne4 Nxe4 9. Bxe4 Nc6 10. c3 O-O-O 11. Be3 e6 12. Qa4 f6 13. b4 Na7 14. Qa5 f5
15. Bd3 Bxf3 16. gxf3 Qc6 17. Ke2 Nb5 18. Bxb5 Qxb5+ 19. Qxb5 axb5 20. Rhg1 g6
21. Bg5 Rd7 22. a4 bxa4 23. Rxa4 Rf7 24. Ra8+ Kd7 25. Rd8+ Kc6 26. Re8 Kd7 27.
Rd8+ Kc6 28. Re8 Kd7 29. Rd8+ Kc6 30. Re8 Kd7 1/2-1/2

[Event "19. Obert Int. Sant Marti 2017 - B"]
[Site "Barcelona ESP"]
[Date "2017.07.18"]
[Round "6.3"]
[White "Gil Gil, Antoni"]
[Black "Delgadillo Torrico, Felipe"]
[Result "0-1"]
[WhiteElo "1823"]
[BlackElo "1943"]
[PlyCount "112"]
[EventDate "2017.07.13"]
[EventType "swiss"]
[EventRounds "9"]
[EventCountry "ESP"]
[SourceTitle "Ajedrez en Madrid"]
[Source "lmi"]
[SourceDate "2017.07.13"]
[SourceVersion "1"]
[SourceVersionDate "2019.06.21"]
[SourceQuality "1"]

1. e4 e6 2. d4 d5 3. Nd2 c5 4. dxc5 Bxc5 5. Bd3 Ne7 6. Ngf3 Nbc6 7. O-O Nb4 8.
Bb5+ Bd7 9. Bxd7+ Qxd7 10. Nb3 Bb6 11. c3 Nbc6 12. exd5 Qxd5 13. Qe2 Rd8 14.
Bg5 O-O 15. h3 h6 16. Rad1 Qf5 17. Bc1 e5 18. Nbd2 Ng6 19. Nc4 Bc7 20. Ne3 Qe4
21. Qb5 Nce7 22. Ng4 Qc6 23. Qb3 Qa6 24. Rfe1 Nc6 25. Rxd8 Rxd8 26. Bxh6 Na5
27. Qc2 gxh6 28. Nxh6+ Kg7 29. Nf5+ Kf6 30. g4 Qd3 31. Qxd3 Rxd3 32. Ne3 Bb6
33. g5+ Ke6 34. h4 Bxe3 35. fxe3 Nc4 36. h5 Nf8 37. Kf2 Rd8 38. b3 Nd2 39. e4
Nxf3 40. Kxf3 Rd3+ 41. Re3 Rxe3+ 42. Kxe3 Nh7 43. g6 fxg6 44. hxg6 Ng5 45. c4
Kf6 46. c5 Kxg6 47. b4 Kf6 48. a4 Ke7 49. Kd3 Kd7 50. b5 Kc7 51. a5 a6 52. Kc4
Nxe4 53. bxa6 bxa6 54. Kd5 Nc3+ 55. Kxe5 Kc6 56. Kd4 Na4 0-1

[Event "19. Obert Int. Sant Marti 2017 - B"]
[Site "Barcelona ESP"]
[Date "2017.07.18"]
[Round "6.4"]
[White "Martinez Buendia, Andres"]
[Black "Majumdar, Shankar"]
[Result "0-1"]
[WhiteElo "1804"]
[BlackElo "1934"]
[PlyCount "66"]
[EventDate "2017.07.13"]
[EventType "swiss"]
[EventRounds "9"]
[EventCountry "ESP"]
[SourceTitle "Ajedrez en Madrid"]
[Source "lmi"]
[SourceDate "2017.07.13"]
[SourceVersion "1"]
[SourceVersionDate "2019.06.21"]
[SourceQuality "1"]

1. e4 c5 2. Nf3 Nc6 3. d4 cxd4 4. Nxd4 Nf6 5. Nc3 e5 6. Ndb5 d6 7. Nd5 Nxd5 8.
exd5 Nb8 9. Qf3 a6 10. Qa3 b6 11. Bg5 f6 12. Be3 Be7 13. O-O-O O-O 14. h4 Nd7
15. Nc3 Nc5 16. f3 Bd7 17. Kb1 Qc7 18. Ne4 Na4 19. g4 b5 20. h5 a5 21. Ng3 Rfc8
22. Bd3 b4 23. Qb3 Nc3+ 24. bxc3 a4 25. Qb2 a3 26. Qc1 bxc3 27. Nf5 Bf8 28. g5
Rab8+ 29. Ka1 Rb2 30. gxf6 Bxf5 31. Bxf5 Qc4 32. Qxb2 axb2+ 33. Kb1 Ra8 0-1

[Event "19. Obert Int. Sant Marti 2017 - B"]
[Site "Barcelona ESP"]
[Date "2017.07.18"]
[Round "6.5"]
[White "Aarav, Dengla"]
[Black "Espinosa Cebrian, Carlos"]
[Result "1-0"]
[WhiteElo "1177"]
[BlackElo "1921"]
[PlyCount "103"]
[EventDate "2017.07.13"]
[EventType "swiss"]
[EventRounds "9"]
[EventCountry "ESP"]
[SourceTitle "Ajedrez en Madrid"]
[Source "lmi"]
[SourceDate "2017.07.13"]
[SourceVersion "1"]
[SourceVersionDate "2019.06.21"]
[SourceQuality "1"]

1. e4 c5 2. Nc3 g6 3. f4 Bg7 4. Nf3 Nc6 5. Bb5 Nd4 6. O-O Nxb5 7. Nxb5 a6 8.
Nc3 b5 9. d3 Bb7 10. Qe1 Nf6 11. Qh4 h6 12. Rb1 d6 13. Bd2 Qd7 14. Qg3 Rc8 15.
Nh4 Qg4 16. Qxg4 Nxg4 17. h3 Nf6 18. f5 g5 19. Nf3 c4 20. Rfe1 g4 21. hxg4 Nxg4
22. d4 b4 23. Nd1 a5 24. a3 Nf6 25. Nf2 c3 26. bxc3 bxc3 27. Bxh6 Bxh6 28. Rxb7
Bf4 29. e5 Nd5 30. exd6 Bxd6 31. Rb5 Nf4 32. Ne4 Bxa3 33. Rxa5 Bb4 34. Rb5 Ba3
35. Rb3 Ra8 36. Ra1 Rg8 37. g3 Rg4 38. Rbxa3 Rxa3 39. Rxa3 Ne2+ 40. Kf2 Rxe4
41. Ne5 e6 42. f6 Kd8 43. Kf3 Rxd4 44. Nc6+ Ke8 45. Nxd4 Nxd4+ 46. Ke4 Nxc2 47.
Rxc3 Nb4 48. Rc8+ Kd7 49. Rf8 Nd5 50. Ke5 Ne3 51. Rxf7+ Ke8 52. Kxe6 1-0

[Event "19. Obert Int. Sant Marti 2017 - B"]
[Site "Barcelona ESP"]
[Date "2017.07.18"]
[Round "6.7"]
[White "Garcia Quevedo, Jose"]
[Black "Pena Mor, David"]
[Result "0-1"]
[WhiteElo "1882"]
[BlackElo "1764"]
[PlyCount "62"]
[EventDate "2017.07.13"]
[EventType "swiss"]
[EventRounds "9"]
[EventCountry "ESP"]
[SourceTitle "Ajedrez en Madrid"]
[Source "lmi"]
[SourceDate "2017.07.13"]
[SourceVersion "1"]
[SourceVersionDate "2019.06.21"]
[SourceQuality "1"]

1. d4 Nf6 2. c4 e6 3. Nc3 Bb4 4. f3 d5 5. a3 Bxc3+ 6. bxc3 c5 7. cxd5 exd5 8.
e3 Bf5 9. Bd3 Bxd3 10. Qxd3 c4 11. Qc2 O-O 12. Ne2 Re8 13. O-O Nc6 14. Ng3 b5
15. e4 dxe4 16. fxe4 Nxd4 17. cxd4 Qxd4+ 18. Qf2 Qxa1 19. Be3 Qe5 20. Bd4 Qe6
21. Qf4 Rad8 22. Nf5 Nh5 23. Qh4 Rxd4 24. Nxd4 Qxe4 25. Qxh5 Qxd4+ 26. Kh1 Qd7
27. Rd1 Qe6 28. h3 a6 29. Qc5 h6 30. Rd6 Qe1+ 31. Kh2 Qe5+ 0-1

[Event "19. Obert Int. Sant Marti 2017 - B"]
[Site "Barcelona ESP"]
[Date "2017.07.18"]
[Round "6.8"]
[White "Rodriguez Isern, Bernat"]
[Black "David, Dorian-Ciprian"]
[Result "1-0"]
[WhiteElo "1864"]
[BlackElo "1768"]
[PlyCount "95"]
[EventDate "2017.07.13"]
[EventType "swiss"]
[EventRounds "9"]
[EventCountry "ESP"]
[SourceTitle "Ajedrez en Madrid"]
[Source "lmi"]
[SourceDate "2017.07.13"]
[SourceVersion "1"]
[SourceVersionDate "2019.06.21"]
[SourceQuality "1"]

1. e4 a6 2. d4 b5 3. Nf3 Bb7 4. Bd3 e6 5. a4 b4 6. c4 c5 7. d5 g6 8. Bf4 d6 9.
Nbd2 e5 10. Be3 Bg7 11. O-O Ne7 12. Ne1 Nd7 13. Rb1 O-O 14. f4 Bh6 15. Qe2 exf4
16. Bxf4 Bxf4 17. Rxf4 Ne5 18. Bc2 g5 19. Rf2 N7g6 20. g3 Bc8 21. Ng2 Bg4 22.
Qe1 Bd7 23. b3 Qe7 24. Ne3 Ng4 25. Nf5 Bxf5 26. Rxf5 Nh6 27. Rf1 Ne5 28. Qe2
Kg7 29. Rbe1 g4 30. Rf4 Ng6 31. Rf2 Rae8 32. Kg2 Qe5 33. Nf1 f5 34. exf5 Qxe2
35. Rfxe2 Rxe2+ 36. Rxe2 Nxf5 37. Bxf5 Rxf5 38. Re6 Rf6 39. Re3 Rf7 40. Re6 Rf6
41. Re3 Ne5 42. Nd2 Rh6 43. Kg1 Kf7 44. Kg2 Rh3 45. Ne4 Rh6 46. Nxd6+ Kf6 47.
Rxe5 Kg6 48. Re6+ 1-0

[Event "19. Obert Int. Sant Marti 2017 - B"]
[Site "Barcelona ESP"]
[Date "2017.07.18"]
[Round "6.9"]
[White "Hinarejos Montano, Andres"]
[Black "Molinas Garcia, Francisco"]
[Result "0-1"]
[WhiteElo "1607"]
[BlackElo "1738"]
[PlyCount "92"]
[EventDate "2017.07.13"]
[EventType "swiss"]
[EventRounds "9"]
[EventCountry "ESP"]
[SourceTitle "Ajedrez en Madrid"]
[Source "lmi"]
[SourceDate "2017.07.13"]
[SourceVersion "1"]
[SourceVersionDate "2019.06.21"]
[SourceQuality "1"]

1. d4 Nf6 2. e3 g6 3. c4 d6 4. h3 Bg7 5. Nf3 O-O 6. Be2 c5 7. d5 e6 8. Nc3 exd5
9. cxd5 Bf5 10. O-O Ne4 11. Nxe4 Bxe4 12. a4 Nd7 13. Bc4 Nb6 14. Ba2 a5 15. Ne1
c4 16. Qg4 Bxd5 17. Rb1 Be6 18. Qf3 Bd5 19. Qe2 Be4 20. Ra1 d5 21. f3 Bf5 22.
g4 Bd7 23. Bb1 Bxa4 24. Ng2 Qe8 25. Qf2 Bb5 26. Rd1 Bc6 27. Ra2 Na4 28. Bc2 b5
29. Bxa4 bxa4 30. Nf4 Rd8 31. Bd2 d4 32. e4 c3 33. Kg2 cxd2 34. Qxd2 Bh6 35.
Kg3 Qe5 36. h4 Qxf4+ 37. Qxf4 Bxf4+ 38. Kxf4 f6 39. Ra3 Rd6 40. b3 axb3 41.
Rxa5 Ra8 42. Rc5 b2 43. e5 Re6 44. Rb1 Rb8 45. exf6 d3 46. g5 d2 0-1

[Event "19. Obert Int. Sant Marti 2017 - B"]
[Site "Barcelona ESP"]
[Date "2017.07.18"]
[Round "6.10"]
[White "Morais Carreras, Javier"]
[Black "Low, Kevin"]
[Result "1/2-1/2"]
[WhiteElo "1925"]
[BlackElo "1843"]
[PlyCount "141"]
[EventDate "2017.07.13"]
[EventType "swiss"]
[EventRounds "9"]
[EventCountry "ESP"]
[SourceTitle "Ajedrez en Madrid"]
[Source "lmi"]
[SourceDate "2017.07.13"]
[SourceVersion "1"]
[SourceVersionDate "2019.06.21"]
[SourceQuality "1"]

1. e4 c5 2. Nf3 d6 3. Bb5+ Bd7 4. Bxd7+ Nxd7 5. O-O Ngf6 6. Re1 e6 7. c3 Be7 8.
d4 O-O 9. d5 e5 10. c4 a6 11. Nbd2 g6 12. Nf1 Nh5 13. Bh6 Ng7 14. Qd2 b5 15. b3
Rb8 16. Rab1 Nf6 17. Ng3 Ng4 18. Bg5 f6 19. Be3 Nxe3 20. Qxe3 Qd7 21. Qd2 f5
22. exf5 gxf5 23. Qh6 Rf6 24. Qh3 Rbf8 25. Ne4 Rg6 26. Nxc5 dxc5 27. Nxe5 Qd6
28. Nxg6 hxg6 29. Re2 Qf6 30. Rbe1 Bd6 31. Qh6 Kf7 32. Qh7 Qg5 33. Re6 Rd8 34.
f4 Qh5 35. Qxh5 Nxh5 36. g3 Nf6 37. R6e2 b4 38. a3 Ne4 39. axb4 cxb4 40. Ra2
Bc5+ 41. Kg2 Rd6 42. Rea1 Bd4 43. Re1 Bc5 44. Kf3 Nc3 45. Ra5 Ne4 46. Rxe4
fxe4+ 47. Kxe4 Bg1 48. c5 Rd8 49. h3 Re8+ 50. Kf3 Bd4 51. Rxa6 Re3+ 52. Kg4
Bxc5 53. Rc6 Bf8 54. d6 Ke6 55. d7+ Kxd7 56. Rxg6 Rxb3 57. h4 Ke7 58. h5 Kf7
59. Rb6 Rb1 60. Kf5 b3 61. Rb7+ Kg8 62. g4 b2 63. Kg5 Ba3 64. Kg6 Rg1 65. Rb8+
Bf8 66. Rxb2 Rxg4+ 67. Kf5 Rh4 68. Kg5 Be7+ 69. Kg6 Rxf4 70. Rb8+ Rf8 71. Rxf8+
1/2-1/2

[Event "19. Obert Int. Sant Marti 2017 - B"]
[Site "Barcelona ESP"]
[Date "2017.07.18"]
[Round "6.11"]
[White "Atul, Kumar"]
[Black "Arribas Alvarez, Marti"]
[Result "1-0"]
[WhiteElo "1907"]
[BlackElo "1781"]
[PlyCount "57"]
[EventDate "2017.07.13"]
[EventType "swiss"]
[EventRounds "9"]
[EventCountry "ESP"]
[SourceTitle "Ajedrez en Madrid"]
[Source "lmi"]
[SourceDate "2017.07.13"]
[SourceVersion "1"]
[SourceVersionDate "2019.06.21"]
[SourceQuality "1"]

1. e4 e6 2. d4 d5 3. e5 c5 4. c3 Nc6 5. Nf3 Bd7 6. Be3 cxd4 7. cxd4 Qb6 8. Qd2
Nge7 9. Nc3 Nf5 10. Be2 Rc8 11. O-O Bb4 12. Rfc1 Na5 13. Bd3 Nc4 14. Qe2 Nfxe3
15. fxe3 Nxb2 16. Nxd5 Rxc1+ 17. Rxc1 exd5 18. Qxb2 Ba5 19. Qa3 Qh6 20. Kf2 Bb6
21. Qb4 Bc6 22. a4 Bd8 23. Bb5 Kd7 24. e6+ fxe6 25. Ne5+ Ke8 26. Rxc6 Rf8+ 27.
Ke2 Qh5+ 28. Kd2 Rf2+ 29. Kc3 1-0

[Event "19. Obert Int. Sant Marti 2017 - B"]
[Site "Barcelona ESP"]
[Date "2017.07.18"]
[Round "6.12"]
[White "Walter Travella, German"]
[Black "Varela Cuadrado, Cesar"]
[Result "1-0"]
[WhiteElo "1892"]
[BlackElo "1770"]
[PlyCount "89"]
[EventDate "2017.07.13"]
[EventType "swiss"]
[EventRounds "9"]
[EventCountry "ESP"]
[SourceTitle "Ajedrez en Madrid"]
[Source "lmi"]
[SourceDate "2017.07.13"]
[SourceVersion "1"]
[SourceVersionDate "2019.06.21"]
[SourceQuality "1"]

1. d4 Nf6 2. Nc3 g6 3. e4 Bg7 4. e5 Ng8 5. Nf3 d6 6. Bf4 c6 7. exd6 exd6 8. Ne4
Bf8 9. Qe2 Be6 10. Nfg5 Qd7 11. O-O-O Be7 12. Nxe6 fxe6 13. g3 Na6 14. Bh3 Nc7
15. c4 Nf6 16. Ng5 O-O 17. Nxe6 Rfe8 18. Nxc7 Qxc7 19. c5 Kg7 20. Qd2 Nd5 21.
Bh6+ Kh8 22. Be6 Bf6 23. Bxd5 cxd5 24. Bf4 Rac8 25. Kb1 Qd7 26. Bxd6 b6 27.
Rhe1 bxc5 28. Rxe8+ Rxe8 29. dxc5 Qb5 30. b3 Re2 31. Qxd5 Rb2+ 32. Kc1 Qe8 33.
Be5 Bxe5 34. Qd8 Qxd8 35. Rxd8+ Kg7 36. f4 Rxh2 37. fxe5 Rh5 38. Rd5 Rf5 39. c6
Rf8 40. Rd7+ Kh6 41. c7 Rc8 42. Kd2 Kg5 43. Kd3 Kf5 44. Kd4 Ke6 45. Rxh7 1-0

[Event "19. Obert Int. Sant Marti 2017 - B"]
[Site "Barcelona ESP"]
[Date "2017.07.18"]
[Round "6.13"]
[White "Bernat, Ernest"]
[Black "Zheng, Hong Wei"]
[Result "1/2-1/2"]
[WhiteElo "1889"]
[BlackElo "1572"]
[PlyCount "41"]
[EventDate "2017.07.13"]
[EventType "swiss"]
[EventRounds "9"]
[EventCountry "ESP"]
[SourceTitle "Ajedrez en Madrid"]
[Source "lmi"]
[SourceDate "2017.07.13"]
[SourceVersion "1"]
[SourceVersionDate "2019.06.21"]
[SourceQuality "1"]

1. e4 e5 2. Nf3 Nc6 3. Bb5 Nf6 4. d3 Ne7 5. O-O Ng6 6. c3 c6 7. Ba4 Be7 8. Nbd2
O-O 9. d4 d6 10. Re1 Qc7 11. Nf1 Rd8 12. Ng3 h6 13. Bc2 Be6 14. Nf5 Bf8 15.
dxe5 dxe5 16. Qe2 Rd7 17. Be3 Rad8 18. Red1 Ne7 19. Rxd7 Rxd7 20. Nxe7+ Bxe7
21. h3 1/2-1/2

[Event "19. Obert Int. Sant Marti 2017 - B"]
[Site "Barcelona ESP"]
[Date "2017.07.18"]
[Round "6.14"]
[White "Khudov, Oleksandr"]
[Black "Rios Torondell, Jaume"]
[Result "1-0"]
[WhiteElo "1823"]
[BlackElo "1881"]
[PlyCount "127"]
[EventDate "2017.07.13"]
[EventType "swiss"]
[EventRounds "9"]
[EventCountry "ESP"]
[SourceTitle "Ajedrez en Madrid"]
[Source "lmi"]
[SourceDate "2017.07.13"]
[SourceVersion "1"]
[SourceVersionDate "2019.06.21"]
[SourceQuality "1"]

1. c4 b6 2. Nc3 Bb7 3. Nf3 Nf6 4. g3 e6 5. Bg2 Be7 6. O-O O-O 7. d4 Ne4 8. Qc2
Nxc3 9. Qxc3 Be4 10. Ne5 Bxg2 11. Kxg2 d5 12. Bf4 f6 13. Nf3 g5 14. Be3 Rf7 15.
Kg1 c6 16. b4 Nd7 17. Rfc1 Nf8 18. b5 cxb5 19. cxb5 Bd6 20. Qb3 Ng6 21. Bd2 Rc8
22. Rxc8 Qxc8 23. Rc1 Rc7 24. Rxc7 Qxc7 25. e4 g4 26. Ne1 Ne7 27. Qd1 f5 28. e5
Ba3 29. Nd3 Qc4 30. Qb3 Qxb3 31. axb3 Nc8 32. b4 Ne7 33. Kf1 Kf7 34. Ke2 Ng6
35. Kd1 h5 36. Kc2 h4 37. Kb3 hxg3 38. hxg3 Ne7 39. Bg5 Nc8 40. Kxa3 Ke8 41.
Kb3 Kd7 42. Kc3 Ke8 43. Kd2 Kf7 44. Ke3 Kg6 45. Bd8 Kf7 46. Kf4 Ke8 47. Bh4 Kf7
48. Bf6 Kg6 49. Ne1 Kf7 50. Kg5 Ke8 51. Kg6 Kf8 52. Nd3 Ke8 53. Nf4 Kd7 54. Kf7
a6 55. Nxe6 axb5 56. Nf4 Kc6 57. Ke8 Na7 58. e6 Nc8 59. Be5 Kb7 60. Kd7 Na7 61.
e7 Nc6 62. e8=Q Nb8+ 63. Qxb8+ Ka6 64. Qa8# 1-0

[Event "19. Obert Int. Sant Marti 2017 - B"]
[Site "Barcelona ESP"]
[Date "2017.07.18"]
[Round "6.15"]
[White "Aguilera Campana, Antonio"]
[Black "Siludakis, Hernan"]
[Result "1/2-1/2"]
[WhiteElo "1674"]
[BlackElo "1874"]
[PlyCount "84"]
[EventDate "2017.07.13"]
[EventType "swiss"]
[EventRounds "9"]
[EventCountry "ESP"]
[SourceTitle "Ajedrez en Madrid"]
[Source "lmi"]
[SourceDate "2017.07.13"]
[SourceVersion "1"]
[SourceVersionDate "2019.06.21"]
[SourceQuality "1"]

1. e4 c5 2. f4 Nc6 3. Bc4 e6 4. Nf3 Nf6 5. e5 Ng4 6. h3 Nh6 7. O-O a6 8. a4 d5
9. Be2 Nf5 10. Kh2 h5 11. Ng5 Be7 12. Bxh5 g6 13. Bg4 Nh6 14. d3 Qc7 15. g3 Bd7
16. c3 d4 17. Ne4 O-O-O 18. Nbd2 Na5 19. cxd4 cxd4 20. b3 Bb4 21. Nc4 Nxc4 22.
dxc4 f5 23. exf6 Nxg4+ 24. Qxg4 e5 25. Qxg6 Rxh3+ 26. Kg2 Rdh8 27. Ba3 Bxa3 28.
Rxa3 Rh2+ 29. Kf3 Be8 30. Qf5+ Kd8 31. Qxe5 Bh5+ 32. g4 Bxg4+ 33. Kxg4 Qd7+ 34.
f5 Rg8+ 35. Kf3 Rh3+ 36. Kf2 Rh2+ 37. Ke1 Qe8 38. Qxh2 Qxe4+ 39. Qe2 Qb1+ 40.
Kf2 Qxf5+ 41. Ke1 Qb1+ 42. Kf2 Qf5+ 1/2-1/2

[Event "19. Obert Int. Sant Marti 2017 - B"]
[Site "Barcelona ESP"]
[Date "2017.07.18"]
[Round "6.16"]
[White "Chandrasekhar, M K."]
[Black "Gonzalez Lafita, Oscar"]
[Result "1-0"]
[WhiteElo "1794"]
[BlackElo "1867"]
[PlyCount "27"]
[EventDate "2017.07.13"]
[EventType "swiss"]
[EventRounds "9"]
[EventCountry "ESP"]
[SourceTitle "Ajedrez en Madrid"]
[Source "lmi"]
[SourceDate "2017.07.13"]
[SourceVersion "1"]
[SourceVersionDate "2019.06.21"]
[SourceQuality "1"]

1. d4 d5 2. Nf3 e6 3. c4 Nf6 4. e3 Be7 5. Nc3 O-O 6. Bd3 b6 7. O-O Bb7 8. cxd5
Nxd5 9. e4 Nb4 10. Bb1 c5 11. d5 exd5 12. exd5 f5 13. a3 Nxd5 14. Ba2 1-0

[Event "19. Obert Int. Sant Marti 2017 - B"]
[Site "Barcelona ESP"]
[Date "2017.07.18"]
[Round "6.17"]
[White "Hebert, Floriane"]
[Black "Poyato Ruiz, Fernando"]
[Result "1/2-1/2"]
[WhiteElo "1567"]
[BlackElo "1863"]
[PlyCount "141"]
[EventDate "2017.07.13"]
[EventType "swiss"]
[EventRounds "9"]
[EventCountry "ESP"]
[SourceTitle "Ajedrez en Madrid"]
[Source "lmi"]
[SourceDate "2017.07.13"]
[SourceVersion "1"]
[SourceVersionDate "2019.06.21"]
[SourceQuality "1"]

1. e4 e6 2. d4 d5 3. exd5 exd5 4. Nf3 Bd6 5. Bd3 Ne7 6. c3 O-O 7. Qc2 h6 8. O-O
Nd7 9. Re1 c6 10. Ne5 Bxe5 11. dxe5 Nc5 12. Bh7+ Kh8 13. Bd3 Nxd3 14. Qxd3 Bf5
15. Qg3 Qb6 16. b3 d4 17. Ba3 Rfe8 18. Qh4 Bxb1 19. Bxe7 Qc7 20. Raxb1 Rxe7 21.
cxd4 Rd8 22. Red1 Red7 23. Rd2 c5 24. Rc1 Qa5 25. Rcd1 Rxd4 26. Rxd4 Rxd4 27.
Qh5 c4 28. bxc4 Qxe5 29. Qf3 Qe4 30. Qh5 Rxd1+ 31. Qxd1 Qxc4 32. Qd2 b5 33. h3
b4 34. Qd8+ Kh7 35. Qa5 a6 36. Qa4 Kg6 37. Qa5 Kf6 38. Qb6+ Ke5 39. Qe3+ Kd5
40. Qf3+ Kc5 41. Qe3+ Kb5 42. Qe5+ Ka4 43. Qxg7 Qxa2 44. Qxh6 a5 45. Qc6+ Ka3
46. Qc1+ Qb2 47. Qe3+ Qc3 48. Qe7 Qc1+ 49. Kh2 Qf4+ 50. Kg1 a4 51. g3 Qc4 52.
h4 Kb2 53. Qe5+ Qc3 54. Qe2+ Kb1 55. Qe4+ Kc1 56. h5 a3 57. Qa8 Qb2 58. Qc6+
Kb1 59. Qe4+ Ka2 60. h6 Qb1+ 61. Qxb1+ Kxb1 62. h7 a2 63. h8=Q a1=Q 64. Qh7+
Ka2+ 65. Kg2 f6 66. Qa7+ Kb1 67. Qh7+ Kc1 68. Qh6+ Kc2 69. Qg6+ Kb3 70. Qf7+
Kc2 71. Qg6+ 1/2-1/2

[Event "19. Obert Int. Sant Marti 2017 - B"]
[Site "Barcelona ESP"]
[Date "2017.07.18"]
[Round "6.19"]
[White "Madrid Sole, Antonio"]
[Black "Cano Sevilla, Ivan"]
[Result "0-1"]
[WhiteElo "1772"]
[BlackElo "1904"]
[PlyCount "112"]
[EventDate "2017.07.13"]
[EventType "swiss"]
[EventRounds "9"]
[EventCountry "ESP"]
[SourceTitle "Ajedrez en Madrid"]
[Source "lmi"]
[SourceDate "2017.07.13"]
[SourceVersion "1"]
[SourceVersionDate "2019.06.21"]
[SourceQuality "1"]

1. d4 d5 2. Nf3 Nf6 3. e3 Bf5 4. c4 e6 5. Qb3 Nc6 6. cxd5 exd5 7. Bb5 Bd7 8.
Nc3 Na5 9. Qc2 Bxb5 10. Nxb5 c6 11. Nc3 Nc4 12. b3 Nd6 13. Nd2 Be7 14. O-O O-O
15. Bb2 Re8 16. f3 a6 17. e4 Nb5 18. Nxb5 axb5 19. e5 Nd7 20. f4 f6 21. Rf3
fxe5 22. fxe5 Rf8 23. Rh3 g6 24. Nf3 Ba3 25. Bxa3 Rxa3 26. Qc1 Qe7 27. Ng5 Rf5
28. Rxh7 Qxg5 29. Qxg5 Rxg5 30. Rxd7 Rg4 31. e6 Re4 32. e7 Kf7 33. Rf1+ Ke8 34.
Rxb7 Rxe7 35. Rxe7+ Kxe7 36. Re1+ Kd6 37. Re2 c5 38. dxc5+ Kxc5 39. Kf2 Kd4 40.
Rd2+ Ke4 41. h4 Ra8 42. g3 Rf8+ 43. Ke2 b4 44. g4 Rf4 45. h5 Rxg4 46. hxg6 Rxg6
47. Kf2 Rf6+ 48. Ke2 d4 49. Ke1 Rh6 50. Rg2 Kd3 51. Rg3+ Kc2 52. Rg2+ Kc3 53.
Rg8 Rh1+ 54. Ke2 d3+ 55. Ke3 Re1+ 56. Kf2 d2 0-1

[Event "19. Obert Int. Sant Marti 2017 - B"]
[Site "Barcelona ESP"]
[Date "2017.07.18"]
[Round "6.20"]
[White "Bouzas Arcos, Juan Manuel"]
[Black "Muhammad, Qasim"]
[Result "0-1"]
[WhiteElo "1771"]
[BlackElo "1899"]
[PlyCount "90"]
[EventDate "2017.07.13"]
[EventType "swiss"]
[EventRounds "9"]
[EventCountry "ESP"]
[SourceTitle "Ajedrez en Madrid"]
[Source "lmi"]
[SourceDate "2017.07.13"]
[SourceVersion "1"]
[SourceVersionDate "2019.06.21"]
[SourceQuality "1"]

1. e4 e6 2. d4 d5 3. exd5 exd5 4. Bd3 Nc6 5. c3 Bd6 6. Ne2 Bg4 7. O-O Qh4 8. f4
Nf6 9. Qe1 Qxe1 10. Rxe1 O-O-O 11. Ng3 h5 12. Be3 h4 13. Nf5 Ne4 14. Nxd6+ Rxd6
15. Nd2 f5 16. Be2 Re6 17. Nxe4 Bxe2 18. Nd6+ cxd6 19. Rxe2 Rhe8 20. Kf2 Na5
21. Rae1 Nc4 22. Bc1 Re4 23. b3 Nb6 24. Rxe4 dxe4 25. c4 d5 26. c5 Nd7 27. b4
b5 28. cxb6 Nxb6 29. Be3 Nc4 30. Rc1 Kb7 31. Rc3 Nb2 32. Rb3 Nd3+ 33. Ke2 Rc8
34. Kd1 Rc4 35. a3 Rc6 36. b5 Rg6 37. b6 axb6 38. Rb5 Kc6 39. a4 Rxg2 40. h3
Rg3 41. Bd2 Rxh3 42. Bb4 Rh1+ 43. Ke2 h3 44. Be7 h2 45. Bh4 Ra1 0-1

[Event "19. Obert Int. Sant Marti 2017 - B"]
[Site "Barcelona ESP"]
[Date "2017.07.18"]
[Round "6.21"]
[White "Viera Falcon, Cristo"]
[Black "Serra Vilaro, Agustin"]
[Result "1-0"]
[WhiteElo "1889"]
[BlackElo "1770"]
[PlyCount "115"]
[EventDate "2017.07.13"]
[EventType "swiss"]
[EventRounds "9"]
[EventCountry "ESP"]
[SourceTitle "Ajedrez en Madrid"]
[Source "lmi"]
[SourceDate "2017.07.13"]
[SourceVersion "1"]
[SourceVersionDate "2019.06.21"]
[SourceQuality "1"]

1. d4 e6 2. c4 f5 3. d5 e5 4. e4 d6 5. Nc3 Nf6 6. Bg5 h6 7. Bd2 Be7 8. Bd3 fxe4
9. Nxe4 O-O 10. Ng3 a5 11. Qe2 Nbd7 12. O-O-O b5 13. cxb5 Nb6 14. Nf5 Nfxd5 15.
Qg4 Bg5 16. Bxg5 Qxg5+ 17. Qxg5 hxg5 18. Ne3 Nb4 19. f3 Nxa2+ 20. Kb1 Nb4 21.
Bg6 Rf6 22. Be4 d5 23. Nxd5 N6xd5 24. Bxd5+ Nxd5 25. Rxd5 Bf5+ 26. Ka1 Rd6 27.
Rxd6 cxd6 28. g4 Bd3 29. Nh3 Bxb5 30. Nxg5 Bc4 31. Kb1 a4 32. Kc2 Bb3+ 33. Kd2
Rc8 34. Rc1 Rxc1 35. Kxc1 g6 36. Kd2 Kg7 37. Ke3 Kf6 38. h4 d5 39. Nh3 Bc2 40.
Kd2 Bb3 41. Nf2 Bc4 42. Ke3 Ke6 43. Nh3 d4+ 44. Kf2 Bd3 45. Ng5+ Kd5 46. Ke1
Kc4 47. Kd2 Bb1 48. Kc1 Ba2 49. h5 gxh5 50. gxh5 Kd3 51. h6 Bg8 52. h7 Bxh7 53.
Nxh7 Ke2 54. Ng5 d3 55. Ne4 Kxf3 56. Nc3 e4 57. Kd2 Kf2 58. Nxe4+ 1-0